Nezdaniteľná časť základu dane na daňovníka, jej uplatnenie a vplyv na štátny rozpočet diplomová práca

Salvato in:
Dettagli Bibliografici
Autore principale: Tkáčová, Alexandra
Ente Autore: Národohospodárska fakulta EU. Katedra financií
Altri autori: Zubaľová, Alena, 1959-
Natura: Libro
Lingua:slovacco
Pubblicazione: Bratislava 2011
Tags: Aggiungi Tag
Nessun Tag, puoi essere il primo ad aggiungerne!!

MARC

LEADER 00000nbm a2200000 4500
001 0130970
005 20161109101635.5
041 0 |a slo 
044 |a SK 
245 1 0 |a Nezdaniteľná časť základu dane na daňovníka, jej uplatnenie a vplyv na štátny rozpočet  |b diplomová práca  |c Alexandra Tkáčová ; školiteľ: Alena Zubaľová 
264 1 |a Bratislava  |c 2011 
300 |a 69 s. 
100 1 |a Tkáčová, Alexandra 
700 1 |a Zubaľová, Alena, 1959- 
710 2 |a Národohospodárska fakulta EU. Katedra financií